Регионална библиотека "Любен Каравелов" - Русе

Histoires (Запис номер 390797)

MARC детайли
000 -Лидер
Контролно поле с фиксирана дължина nam a22 a 4500
003 - Код на организацията, давaща контролен номер
Контролно поле BLK
005 - Дата и час на последна редакция
Контролно поле 20201028145220.0
008 - Елементи от данни с фиксирана дължина
fixed length control field 180411b bul|||||r ||||||| ||bul||
010 ## - Наследен системен номер
LC control number KNG00197417000
040 ## - Източник на каталожния запис
Идентификатор на билиотеката - собственик на записа BLK
041 ## - Код за език
Код за езика на текст/звукозапис или на отделно заглавие Български
Код за езика КДБФ Български
080 ## - УДК
Текстов определител УДК История на Гърция (до 323 г. н. е.). Древна Гърция
УДК код - определител по УДК 94(38)
УДК - код + определител 94(38)
100 ## - Редна дума - Автор
Автор Herodote
Авторска отговорност първи автор
R(LIN) 435724
139 ## - Редно поле
Редна дума Herodote
245 10 - Сведения за заглавието
Заглавие Histoires
Редно поле (дума) Herodote; trad. nouv., avec une introd et des notes par P. Giguet.
250 ## - Област на изданието
Сведения за изданието 6. Ed.
257 ## - Страна на издаване
Страна на създаване/издаване Франция
260 ## - Област на издателските данни
Място на издаване, разпространение и проч. Paris
Име на издателя, разпространителя и проч. Libr. Hachette
Година на издаване 1886
9 (RLIN) 215648
300 ## - Физическа характеристика
Страници 589 p.
Размери/Мащаб 18 см
380 ## - Жанр
Жанр История
490 ## - СЕРИИ (Колекции)
Име на серия Колекция Редки и ценни издания
9 (RLIN) 435080
650 #4 - Допълнително описание по предмет – тема
Основно описание – тема или топоним Древна Гърция - история
9 (RLIN) 244549
653 ## - Ключова дума – ненормативна
Ключова дума Древна Гърция
653 ## - Ключова дума – ненормативна
Ключова дума история
700 ## - Други автори (авторска отговорност)
Лично име Giguet, P.
Автороска отговорност (Описва отношението между автора и произведението) trad.
9 (RLIN) 284
760 1# - Описание на основната серия
Редна дума на основното описание Херодот
Място на издаване, издател и година 1986
Страници - том 268 с. : с к.
Забележка - том Кн. 1-3 са в едно книжно тяло. - Именен показалец.
Заглавие Ч. 1. Кн. 1 - 3
852 ## - Местоположение
Форматна сигнатура Рф 886
Фондова буква Редки и ценни
856 4# - Електронен адрес и достъп
Електронен формат pdf - файл
856 4# - Електронен адрес и достъп
Електронен формат pdf - файл
999 ## - СИСТЕМНИ КОНТРОЛНИ НОМЕРА
Koha biblionumber 390797
Koha biblioitemnumber 390797
942 ## - АРТИКУЛИ
Вид на библиотечния материал Книги
Скрит в OPAC Не
Периодичен библиозапис Да
944 ## - СЪЗДАВАНЕ И РЕДАКЦИЯ на ЗАПИСА
Създаване/Редакция Създаване
Дата на регистрацията/редакция 2020-10-28
Служител, извършил регистрацията/редакцията ТД
944 ## - СЪЗДАВАНЕ И РЕДАКЦИЯ на ЗАПИСА
Създаване/Редакция Редакция
Дата на регистрацията/редакция 05.12.2016
Служител, извършил регистрацията/редакцията Валя_Йорданова
999 ## - СИСТЕМНИ КОНТРОЛНИ НОМЕРА
Koha biblioitemnumber 390797
999 ## - СИСТЕМНИ КОНТРОЛНИ НОМЕРА
Koha biblioitemnumber 188399
Наличности
Код за отписване Код за изгубен артикул Източник на класификационната схема Код за повреда Коз за рестрикции Код за отдаване Артикулен № Име на библиотеката - собственик Име на библиотеката, в която се намира в момента Статус (Текущо местоположение) Дата на вписване в системата Местоположение - отдел Цена в лева Инвентарен номер Систематично азбучна сигнатура Баркод Цена в евро Служебен тип на артикула
  Не е изгубен Universal Decimal Classification Не е повреден само за читалня Специални фондове ( старопечатни, редки и ценни, фонд М. Арнаудов) 804350 Регионална библиотека "Любен Каравелов" Русе Регионална библиотека "Любен Каравелов" Русе Редки и ценни 2020-10-30 Редки и ценни 1.17 9921/58 Рф 886 900000037760 0.60 Книги
Vip Innovations Ltd, Rousse, Bulgaria 2025